000 00446nam a2200157 i 4500
001 74093
003 ES-MaACL
005 20230906172020.0
007 t|
008 040915s1961 sp ||||1| spa d
100 1 _aGonzález Climent, Anselmo.
_958512
245 1 0 _aAntología de poesía flamenca /
_cAnselmo González Climent.
260 _a[Madrid] :
_bEscelicer,
_c1961.
300 _a383 p. ;
_c19 cm.
852 _aES-MaACL
_jC-21482
_bR.49973
999 _c74093
_d74093